Introduction to Attic Greek / (Record no. 3)

MARC details
000 -LEADER
fixed length control field 01102pam a2200289 a 4500
001 - CONTROL NUMBER
control field 2504398
005 - DATE AND TIME OF LATEST TRANSACTION
control field 20200421093816.0
008 - FIXED-LENGTH DATA ELEMENTS--GENERAL INFORMATION
fixed length control field 920610s1993 caub s001 0 eng
010 ## - LIBRARY OF CONGRESS CONTROL NUMBER
LC control number 92021731
020 ## - INTERNATIONAL STANDARD BOOK NUMBER
International Standard Book Number 0520078438 (alk. paper)
020 ## - INTERNATIONAL STANDARD BOOK NUMBER
International Standard Book Number 0520078446 (pbk. : alk. paper)
040 ## - CATALOGING SOURCE
Original cataloging agency DLC
Transcribing agency DLC
Modifying agency DLC
041 0# - LANGUAGE CODE
Language code of text/sound track or separate title enggrc
050 00 - LIBRARY OF CONGRESS CALL NUMBER
Classification number PA522
Item number .M38 1993
082 00 - DEWEY DECIMAL CLASSIFICATION NUMBER
Classification number 480
Edition information 20
100 1# - MAIN ENTRY--PERSONAL NAME
Personal name Mastronarde, Donald J.
9 (RLIN) 389
245 10 - TITLE STATEMENT
Title Introduction to Attic Greek /
Statement of responsibility, etc. Donald J. Mastronarde.
260 ## - PUBLICATION, DISTRIBUTION, ETC.
Place of publication, distribution, etc. Berkeley :
Name of publisher, distributor, etc. University of California Press,
Date of publication, distribution, etc. c1993.
300 ## - PHYSICAL DESCRIPTION
Extent ix, 425 p. :
Other physical details maps ;
Dimensions 26 cm.
500 ## - GENERAL NOTE
General note Includes index.
650 #0 - SUBJECT ADDED ENTRY--TOPICAL TERM
Topical term or geographic name entry element Attic Greek dialect
9 (RLIN) 7
856 42 - ELECTRONIC LOCATION AND ACCESS
Materials specified Contributor biographical information
Uniform Resource Identifier <a href="http://www.loc.gov/catdir/bios/ucal051/92021731.html">http://www.loc.gov/catdir/bios/ucal051/92021731.html</a>
856 42 - ELECTRONIC LOCATION AND ACCESS
Materials specified Publisher description
Uniform Resource Identifier <a href="http://www.loc.gov/catdir/description/ucal041/92021731.html">http://www.loc.gov/catdir/description/ucal041/92021731.html</a>
906 ## - LOCAL DATA ELEMENT F, LDF (RLIN)
a 7
b cbc
c orignew
d 1
e ocip
f 19
g y-gencatlg
942 ## - ADDED ENTRY ELEMENTS (KOHA)
Source of classification or shelving scheme Dewey Decimal Classification
Koha item type Books

No items available.